000 00495nam a2200181Ia 4500
001 14427
005 20260306164913.0
008 260306t2007||||xx |||||||||||||| ||spa||
041 _aESP
082 _a515
_bA64A V. 1
100 _aApostol, Tom M.
_eAUT
245 0 _aCalculus I:
_bcalculo con funciones de una variable, con una introducción al álgebra lineal
260 _c2007
300 _axxii, 813 páginas :
_c21 cm.
650 _aGEN
654 _aCMA
942 _cLIB
_dJUS
_fJUS
_2ddc
_n
999 _c14427
_d14427